000 00304nam a22001217a 4500
020 _a8123912013
082 _222
_a629.819
100 _aPrasad, S.K.
245 _aProblems and solutions in control systems /
260 _aNew Delhi,
_bCBS,
_cc2009.
300 _a456p. ;
_bill. ;
_c21 cm.
942 _2ddc
_cEE
_06
999 _c402
_d402